| 000 | 01719cam a2200493 a 4500 | ||
|---|---|---|---|
| 001 | 21883 | ||
| 003 | VRT | ||
| 005 | 20260313142802.0 | ||
| 008 | 240313s2015 xr a b 000 f slo | ||
| 015 | _aSNBZSA2016 | ||
| 020 |
_a9788074511981 _q(viaz.) |
||
| 035 | _aED901C80-25EF-422C-AFD7-E49BE4EFEEFF | ||
| 035 | _aurn:nbn:sk:snk-aml206 | ||
| 035 | _aurn:nbn:sk:snk-am008lwy | ||
| 039 | 9 |
_a202403131740 _bVLOAD _c202010151913 _dAUTHORITY _c202009011823 _dAUTHORITY _c202009011814 _dAUTHORITY |
|
| 040 |
_aPPPK _bslo _cPPPK _dSNK _eAACR2 |
||
| 041 | 0 | _aslo | |
| 044 |
_axr _cCZ |
||
| 072 | 7 |
_a821.162.4-3 _xSlovenská próza _2konspekt |
|
| 072 | 7 |
_a821-93 _xLiteratúra pre deti a mládež (beletria) _2konspekt |
|
| 080 |
_a821.162.4-34 _22001 |
||
| 080 |
_a821-93 _22001 |
||
| 100 | 1 |
_aPavlovič, Jozef, _d1934-2020 _4aut |
|
| 245 | 1 | 0 |
_aFutronela a iné rozprávky _nTretia knižka deduška večerníčka _cJozef Pavlovič ; ilustrácie Zuzana Nemčíková |
| 260 |
_aPraha _bOttovo nakladatelství _c2015 |
||
| 300 |
_a97 s. _bilustr. _c30 cm |
||
| 655 | 7 |
_aslovenské rozprávky _2SNKPH |
|
| 655 | 7 |
_apublikácie pre deti _2SNKPH |
|
| 655 | 7 |
_aSlovak fairy tales _2SNKPHeng |
|
| 655 | 7 |
_aChildren's literature _2SNKPHeng |
|
| 700 | 1 |
_aNemčíková, Zuzana, _d1955- _4ill |
|
| 910 | _apppk | ||
| 910 | _apokpoh | ||
| 910 | _asnk | ||
| 910 | _asllk | ||
| 910 | _ahevk | ||
| 910 | _askpk | ||
| 910 | _attkjf | ||
| 910 | _avthk | ||
| 942 |
_2ddc _cKLDE _n0 |
||
| 949 |
_617A1173062 _asnkSB 89079 _bsnk2015/28782 _oPemic67-ah/3Int. č. fa – 59/2015 _s6100:20160108 |
||
| 949 |
_617A1177903 _asnkSB 89079 D1 _bsnk2016/1833 _oPemic2-ah/3Int. č. fa – 87/2015 |
||
| 949 |
_asnklmDK 7249 SNKLM _bsnklm2015/184 |
||
| 999 |
_c21883 _d21883 |
||